[Event "Moscow-ch Men 2019"]
[Site "Moscow"]
[Date "2019.04.02"]
[Round "4.15"]
[White "Zhukov, Anton"]
[Black "Gubajdullin, Alexei"]
[Result "0-1"]
[WhiteElo "2099"]
[BlackElo "2344"]
[Annotator "TA"]
[PlyCount "104"]
[EventDate "2019.03.30"]
[EventType "swiss"]
[EventCountry "RUS"]
[SourceTitle "playchess.com"]
[Source "ChessBase"]
[SourceQuality "1"]

{[%evp 9,104,-6,-11,-25,-14,-26,-30,-29,-32,-82,-69,-104,-106,-133,-118,-130,-120,-108,-120,-166,-166,-209,-203,-203,-179,-170,-177,-208,-198,-208,-203,-208,-207,-207,-206,-229,-232,-237,-220,-230,-212,-214,-209,-251,-245,-250,-240,-356,-362,-352,-352,-341,-308,-319,-318,-302,-204,-204,-204,-189,-197,-178,-171,-171,-164,-318,-306,-306,-288,-649,-672,-646,-613,-605,-493,-3033,-2894,-2878,-2499,-2335,-1979,-2339,-1845,-1735,-1575,-1588,-2159,-3245,-2333,-29968,-29968,-29970,-29972,-29971,-29970,-29968,-4630]} 1. d4 Nf6 2. c4 c6 3. Nf3 d5 4. Qb3 a6 (4... dxc4 5. Qxc4 Bg4 6. Nbd2 e6 7. g3 Nbd7 8. Bg2 Be7 9. O-O O-O 10. Qb3 b5 11. h3 Bh5 12. g4 Bg6 13. Nh4 Qb6 14. Nxg6 hxg6 {½-½ (63) Mamedyarov,S (2817)-Gozzoli,Y (2630) chess.com INT 2019}) 5. c5 Nbd7 6. Bf4 {D11: Slav Defence: 3 Nf3 sidelines and 3...Nf6 4 e3 Bg4} Nh5 7. Bd2 e5 $146 ({Predecessor:} 7... g6 8. Nc3 Bg7 9. e4 dxe4 10. Nxe4 O-O 11. Bc4 h6 12. O-O-O {½-½ (50) Uhoda,P (2117)-Hovhannisyan,M (2471) Roux 2009}) 8. Nxe5 {Black has an edge.} Nxe5 9. dxe5 Bxc5 10. Qf3 g6 11. g4 Ng7 12. Qf6 Qxf6 13. exf6 Ne6 14. e3 h5 15. Be2 hxg4 16. Bxg4 Ng5 17. Bxc8 Rxc8 18. Ke2 Ne4 19. Bc3 Rh5 20. Nd2 {[#]} Nxd2 $1 21. Kxd2 Kd7 22. Rag1 Rch8 23. Rg2 Ke6 24. Ke2 Bd6 25. f4 Bc5 26. Kd3 Rh3 27. Re2 R8h4 28. Bd4 (28. b4 $142 Bd6 29. Kc2) 28... Bxd4 $19 29. Kxd4 {[%mdl 4096] Endgame KRR-KRR} Kd6 (29... Kxf6 $2 30. Kc5 $19) 30. b4 {[#]} a5 $1 {[%mdl 512]} 31. bxa5 {[#]} Rxf4+ $1 {[%mdl 512]} 32. Kd3 (32. exf4 c5#) 32... Ra4 ({Much less strong is} 32... Rxf6 33. Rb1 $19) 33. Rb1 Rxa5 34. Rxb7 Ra3+ 35. Rb3 Rxb3+ 36. axb3 {[#] KR-KR} c5 $1 37. b4 $2 (37. Rg2) 37... cxb4 38. Ra2 Ke5 39. Ra5 $2 (39. Ra7 Kxf6 40. Rb7) 39... Rxh2 40. Rb5 Rh4 41. Ke2 Kxf6 42. Rxd5 (42. Kd3 $142 Ke5 43. Rb7) 42... b3 43. Rb5 {[#]} b2 $1 44. Kf3 (44. Rxb2 Rh2+) 44... Rh2 45. Kf4 Rf2+ 46. Kg3 Rc2 47. Kf4 {[#]} g5+ $1 48. Kg4 (48. Rxg5 b1=Q) 48... Ke6 49. Rb6+ Kd5 {Black mates.} 50. Kxg5 Kc4 51. Kf6 Rf2+ 52. Ke7 Kd3 {Accuracy: White = 33%, Black = 84%.} (52... Kc3 $142 53. Ke8 Rf1 54. Rc6+ Kd3 55. Rb6 b1=Q 56. Rxb1 Rxb1 57. Kxf7 Kxe3 58. Ke6 Rd1 59. Kf5 Rd5+ 60. Kf6 Kf4 61. Ke6 Rd2 62. Kf7 Kf5 63. Ke7 Rd4 64. Kf7 Re4 65. Kg7 Re7+ 66. Kf8 Kf6 67. Kg8 Kg6 68. Kf8 Re2 69. Kg8 Re8#) 0-1

[Event "Moscow-ch Men 2019"]
[Site "Moscow"]
[Date "2019.04.02"]
[Round "4.16"]
[White "Pavlov, Mark"]
[Black "Yeritsyan, Aram"]
[Result "0-1"]
[WhiteElo "1989"]
[BlackElo "2301"]
[Annotator "RC"]
[PlyCount "156"]
[EventDate "2019.03.30"]
[EventType "swiss"]
[EventCountry "RUS"]
[SourceTitle "playchess.com"]
[Source "ChessBase"]
[SourceQuality "1"]
[TimeControl "5400+30"]

1. d4 {[%emt 0:00:00]} Nf6 {[%emt 0:00:00]} 2. Nf3 {[%emt 0:00:00]} e6 {[%emt 0:00:00]} 3. e3 {[%emt 0:00:00]} c5 {[%emt 0:00:00]} 4. Bd3 {[%emt 0:00:02]} d5 {[%emt 0:00:00]} 5. b3 {[%emt 0:00:16]} Nbd7 {[%emt 0:00:01]} 6. O-O {[%emt 0:00:14]} g6 {[%emt 0:00:35]} 7. Bb2 {[%emt 0:00:05]} Bg7 {[%emt 0:00:04]} 8. c4 {[%emt 0:01:27]} O-O {[%emt 0:00:17]} 9. Qe2 {[%emt 0:00:46]} b6 {[%emt 0:00:27]} 10. Nc3 {[%emt 0:04:05]} Bb7 {[%emt 0:09:01]} 11. Rad1 {[%emt 0:08:21]} cxd4 {[%emt 0:01:44]} 12. exd4 {[%emt 0:00:20]} Re8 {[%emt 0:02:10]} 13. Nb5 {[%emt 0:07:37]} Bf8 {[%emt 0:00:17]} 14. Ne5 {[%emt 0:02:16]} a6 {[%emt 0:01:13]} 15. Nc3 {[%emt 0:00:44]} Bg7 {[%emt 0:09:10]} 16. Nb1 {[%emt 0:04:04]} Rc8 {[%emt 0:15:56]} 17. Nd2 {[%emt 0:01:48]} Qc7 {[%emt 0:04:21]} 18. Ndf3 {[%emt 0:02:28]} dxc4 {[%emt 0:02:19]} 19. Bxc4 {[%emt 0:01:21]} b5 {[%emt 0:00:50]} 20. Bd3 {[%emt 0:00:40]} Nd5 {[%emt 0:02:30]} 21. Rc1 {[%emt 0:04:41]} Qd6 {[%emt 0:01:29]} 22. Qd2 {[%emt 0:10:07]} Red8 {[%emt 0:05:45]} 23. Rxc8 {[%emt 0:00:23]} Rxc8 {[%emt 0:01:47]} 24. Re1 {[%emt 0:02:35]} Nb4 {[%emt 0:07:13]} 25. Bb1 {[%emt 0:01:17]} Nxe5 {[%emt 0:00:40]} 26. dxe5 {[%emt 0:00:10]} Qxd2 {[%emt 0:00:18]} 27. Nxd2 {[%emt 0:00:07]} Nxa2 {[%emt 0:00:58]} 28. Ne4 {[%emt 0:02:40]} Bxe4 {[%emt 0:02:53]} 29. Bxe4 {[%emt 0:00:09]} Nb4 {[%emt 0:00:43]} 30. Kf1 {[%emt 0:04:12]} Bf8 {[%emt 0:05:37]} 31. Rd1 {[%emt 0:01:31]} h5 {[%emt 0:06:04]} 32. f3 {[%emt 0:03:00]} Be7 {[%emt 0:05:00]} 33. Rd7 {[%emt 0:01:37]} Bg5 {[%emt 0:00:35]} 34. Ba3 {[%emt 0:01:28]} Nc2 {[%emt 0:02:49]} 35. Bxc2 {[%emt 0:00:51]} Rxc2 {[%emt 0:00:05]} 36. Be7 {[%emt 0:00:08]} Bxe7 {[%emt 0:02:08]} 37. Rxe7 {[%emt 0:00:07]} Rc5 {[%emt 0:01:29]} 38. Ra7 {[%emt 0:00:18]} Rxe5 {[%emt 0:00:04]} 39. Rxa6 {[%emt 0:00:08]} Re3 {[%emt 0:00:01]} 40. Kf2 {[%emt 0:00:59]} Rxb3 {[%emt 0:00:02]} 41. Kg3 {[%emt 0:00:07]} Kg7 {[%emt 0:00:39]} 42. Rb6 {[%emt 0:00:25]} b4 {[%emt 0:00:13]} 43. Kf4 {[%emt 0:00:16]} Rb2 {[%emt 0:00:12]} 44. g3 {[%emt 0:00:16]} Rxh2 {[%emt 0:00:20]} 45. Rxb4 {[%emt 0:00:04]} Re2 {[%emt 0:00:14]} 46. Rb7 {[%emt 0:00:41]} Kf6 {[%emt 0:00:15]} 47. g4 {[%emt 0:00:20]} g5+ {[%emt 0:00:11]} 48. Kg3 {[%emt 0:00:05]} h4+ {[%emt 0:00:07]} 49. Kh3 {[%emt 0:00:11]} Rf2 {[%emt 0:00:27]} 50. Rb3 {[%emt 0:00:15]} Ke5 {[%emt 0:00:27]} 51. Rb5+ {[%emt 0:00:08]} Kf4 {[%emt 0:00:33]} 52. Rb4+ {[%emt 0:00:47]} Ke3 {[%emt 0:00:13]} 53. Rb3+ {[%emt 0:00:07]} Kd4 {[%emt 0:00:38]} 54. Ra3 {[%emt 0:00:12]} f5 {[%emt 0:00:12]} 55. Ra4+ {[%emt 0:00:21]} Ke5 {[%emt 0:00:26]} 56. Ra5+ {[%emt 0:00:08]} Kf6 {[%emt 0:01:51]} 57. Ra3 {[%emt 0:00:37]} Re2 {[%emt 0:03:30]} 58. Rd3 {[%emt 0:00:22]} Ke5 {[%emt 0:01:00]} 59. Ra3 {[%emt 0:00:20]} fxg4+ {[%emt 0:00:44]} 60. fxg4 {[%emt 0:00:15]} Kf4 {[%emt 0:01:12]} 61. Rf3+ {[%emt 0:01:30]} Ke4 {[%emt 0:00:03]} 62. Rf6 {[%emt 0:00:14]} Re3+ {[%emt 0:00:03]} 63. Kg2 {[%emt 0:00:07]} Rg3+ {[%emt 0:00:02]} 64. Kh2 {[%emt 0:00:18]} e5 {[%emt 0:00:06]} 65. Rg6 {[%emt 0:00:41]} Rxg4 {[%emt 0:00:05]} 66. Kh3 {[%emt 0:00:24]} Rg3+ {[%emt 0:00:18]} 67. Kh2 {[%emt 0:00:04]} Kf4 {[%emt 0:00:02]} 68. Rf6+ {[%emt 0:00:13]} Kg4 {[%emt 0:00:02]} 69. Re6 {[%emt 0:00:07]} Re3 {[%emt 0:00:07]} 70. Ra6 {[%emt 0:00:12]} Re2+ {[%emt 0:00:05]} 71. Kg1 {[%emt 0:00:25]} e4 {[%emt 0:00:43]} 72. Ra3 {[%emt 0:00:04]} e3 {[%emt 0:00:07]} 73. Ra4+ {[%emt 0:00:03]} Kg3 {[%emt 0:00:26]} 74. Ra1 {[%emt 0:00:04]} g4 {[%emt 0:01:16]} 75. Rb1 {[%emt 0:00:09]} Rd2 {[%emt 0:00:39]} 76. Kh1 {[%emt 0:00:13]} e2 {[%emt 0:00:18]} 77. Rb3+ {[%emt 0:00:03]} Kf2 {[%emt 0:00:05]} 78. Rf3+ {[%emt 0:00:25]} Kxf3 {[%emt 0:00:11]} 0-1

[Event "Moscow-ch Men 2019"]
[Site "Moscow"]
[Date "2019.04.03"]
[Round "5.5"]
[White "Popov, Ivan"]
[Black "Savchenko, Boris"]
[Result "1-0"]
[WhiteElo "2585"]
[BlackElo "2575"]
[Annotator "TA"]
[PlyCount "38"]
[EventDate "2019.03.30"]
[EventType "swiss"]
[EventCountry "RUS"]
[SourceTitle "playchess.com"]
[Source "ChessBase"]
[SourceQuality "1"]

{[%evp 9,16,31,34,39,37,31,14,25,38]} 1. e4 e6 2. d4 d5 3. Nd2 Be7 4. Ngf3 c5 (4... Nf6 5. e5 Nfd7 6. c3 c5 7. Bd3 b6 8. O-O Ba6 9. Bxa6 Nxa6 10. Qe2 Nab8 11. c4 dxc4 12. Nxc4 O-O 13. Qe4 Na6 {½-½ (45) Movsesian,S (2629)-Caruana,F (2828) chess.com INT 2019}) 5. exd5 exd5 6. dxc5 {C03: French Tarrasch: Unusual Black 3rd moves} Nf6 7. Bb5+ Bd7 8. Bxd7+ Nbxd7 {Predecessor:} 9. O-O $146 Nxc5 10. Re1 O-O 11. Nf1 Nce4 12. Be3 Qc8 13. Bd4 Rd8 14. Ne3 b5 15. Qe2 b4 16. Rad1 Bc5 17. Qb5 a5 18. Ne5 Ra6 19. Bxc5 Nxc5 {1-0 (80) Yandemirov,V (2472)-Ravi,L (2391) Ubeda 2000} 1-0

[Event "Moscow-ch Men 2019"]
[Site "Moscow"]
[Date "2019.04.03"]
[Round "5.6"]
[White "Vorobiov, Evgeny E."]
[Black "Dvalishvili, Pavel S."]
[Result "1/2-1/2"]
[WhiteElo "2565"]
[BlackElo "2407"]
[Annotator "TA"]
[PlyCount "28"]
[EventDate "2019.03.30"]
[EventType "swiss"]
[EventCountry "RUS"]
[SourceTitle "playchess.com"]
[Source "ChessBase"]
[SourceQuality "1"]

{[%evp 15,28,7,23,17,22,21,24,27,18,28,31,30,23,26,59]} 1. d4 Nf6 2. c4 e6 3. Nf3 b6 4. Bf4 Bb7 5. e3 Bb4+ 6. Nfd2 O-O 7. a3 Be7 8. Nc3 d5 9. cxd5 {E12: Queen's Indian: Unusual White 4th moves, 4 a3, 4 Nc3 Bb7 5 a3 and 4 Nc3 Bb7} Nxd5 (9... exd5 10. Be2 Nbd7 11. O-O a6 12. Rc1 Rc8 13. Bf3 c5 14. dxc5 Nxc5 15. Nb3 Nce4 16. Be5 b5 {0-1 (40) Berkes,F (2678)-Indjic,A (2599) Valjevo 2018}) 10. Nxd5 Bxd5 11. Qc2 c5 12. dxc5 bxc5 $146 ({Predecessor:} 12... Bxc5 13. Bd3 h6 14. O-O Nd7 15. Rfd1 Nf6 16. Ne4 Nxe4 17. Bxe4 Bxe4 18. Qxe4 Qh4 19. Qb7 a5 20. b4 axb4 21. axb4 Rxa1 22. Rxa1 Bxb4 23. Qxb6 {½-½ (23) Meduna,E (2471)-Brynell,S (2506) Leon 2001}) 13. Bd3 h6 14. O-O a5 1/2-1/2

[Event "Moscow-ch Men 2019"]
[Site "Moscow"]
[Date "2019.04.03"]
[Round "5.7"]
[White "Ivanov, Oleg V"]
[Black "Afanasiev, Nikita"]
[Result "1/2-1/2"]
[WhiteElo "2441"]
[BlackElo "2527"]
[Annotator "TA"]
[PlyCount "26"]
[EventDate "2019.03.30"]
[EventType "swiss"]
[EventCountry "RUS"]
[SourceTitle "playchess.com"]
[Source "ChessBase"]
[SourceQuality "1"]

{[%evp 14,26,35,43,37,36,51,47,44,37,41,40,29,17,33]} 1. e4 c6 2. d4 d5 3. Nc3 dxe4 4. Nxe4 Nf6 5. Nxf6+ exf6 6. c3 Bd6 7. Bd3 O-O 8. Qc2 Re8+ {B15: Caro-Kann: 3 Nc3: 3...g6 and 3...dxe4 4 Nxe4 Nf6 5 Nxf6+ exf6} 9. Ne2 (9. Be3 h6 10. Ne2 Na6 11. O-O Nc7 12. c4 Bg4 13. h3 Bxe2 14. Bxe2 Ne6 15. Rad1 Qc7 16. Bg4 Rad8 17. Rfe1 Bf4 18. Bxf4 Nxf4 19. Rxe8+ Rxe8 {½-½ (58) Svidler,P (2756)-Carlsen,M (2839) Porto Carras 2018}) 9... h5 10. O-O Qc7 11. h3 Nd7 12. Re1 Nf8 13. Be3 Bd7 $146 ({Predecessor:} 13... h4 14. c4 Qd8 15. Qd2 a5 16. Bf4 {½-½ (60) Mammadzada,G (2422)-Stefanova,A (2486) St Petersburg 2018}) 1/2-1/2

[Event "Moscow-ch Men 2019"]
[Site "Moscow"]
[Date "2019.04.03"]
[Round "5.8"]
[White "Dragomarezkij, Evgeni"]
[Black "Zakhartsov, Vladimir"]
[Result "0-1"]
[WhiteElo "2386"]
[BlackElo "2468"]
[Annotator "TA"]
[PlyCount "37"]
[EventDate "2019.03.30"]
[EventType "swiss"]
[EventCountry "RUS"]
[SourceTitle "playchess.com"]
[Source "ChessBase"]
[SourceQuality "1"]

{[%evp 20,21,0,-16]} 1. c4 e5 2. g3 Nf6 3. Bg2 Nc6 4. Nc3 Bb4 5. Nf3 O-O 6. O-O e4 7. Ne1 Bxc3 8. dxc3 h6 9. Nc2 d6 10. Ne3 Re8 11. f4 {[%mdl 32768] Loss on Time!?} {Predecessor:} exf3 $146 12. exf3 Ne7 13. Qc2 c6 14. Rd1 a5 15. c5 Ned5 16. Nxd5 cxd5 17. cxd6 Qxd6 18. Qf2 Bf5 19. Be3 {½-½ (48) Adhiban,B (2551)-Gopal,G (2572) Aurangabad 2011} 0-1

[Event "Moscow-ch Men 2019"]
[Site "Moscow"]
[Date "2019.04.03"]
[Round "5.9"]
[White "Gubajdullin, Alexei"]
[Black "Golubov, Saveliy"]
[Result "0-1"]
[WhiteElo "2344"]
[BlackElo "2460"]
[Annotator "TA"]
[PlyCount "24"]
[EventDate "2019.03.30"]
[EventType "swiss"]
[EventCountry "RUS"]
[SourceTitle "playchess.com"]
[Source "ChessBase"]
[SourceQuality "1"]

{[%evp 12,24,-14,-14,0,0,0,0,0,0,0,-13,-17,-11,-18]} 1. d4 $146 Nf6 2. Bf4 d5 3. e3 e6 4. Nd2 c5 5. c3 Bd6 6. Bxd6 {D00: 1 d4 d5: Unusual lines} Qxd6 7. f4 {LiveBook: 7 Games. The position is equal.} cxd4 8. cxd4 O-O 9. Bd3 b6 10. Qe2 Bb7 11. Ngf3 Nc6 12. a3 Ne7 {[%mdl 32768] Loss on Time!?} 0-1

[Event "Moscow-ch Men 2019"]
[Site "Moscow"]
[Date "2019.04.03"]
[Round "5.10"]
[White "Kozionov, Kirill"]
[Black "Smirnov, Timofey"]
[Result "1-0"]
[WhiteElo "2441"]
[BlackElo "2345"]
[Annotator "TA"]
[PlyCount "36"]
[EventDate "2019.03.30"]
[EventType "swiss"]
[EventCountry "RUS"]
[SourceTitle "playchess.com"]
[Source "ChessBase"]
[SourceQuality "1"]

{[%evp 21,23,18,31,21]} 1. d4 d5 2. c4 c6 3. Nf3 Nf6 4. g3 g6 5. Bg2 Bg7 6. cxd5 cxd5 7. Nc3 O-O 8. Ne5 e6 9. O-O Nfd7 10. Nf3 Nc6 11. Bf4 {D79: Fianchetto Grünfeld: Symmetrical Variation (6 0-0 c6 7 cxd5 cxd5)} (11. e4 dxe4 12. Nxe4 Qb6 13. Qe2 e5 14. dxe5 Ndxe5 15. Nxe5 Bxe5 16. Nc3 Be6 17. Bh6 Bg7 18. Bxg7 Kxg7 {½-½ (29) Harikrishna,P (2750)-Radjabov,T (2710) Moscow 2017}) 11... a6 {LiveBook: 15 Games} 12. Rc1 {[%mdl 32768] Loss on Time!?} {Predecessor:} Nb6 $146 13. b3 Bd7 14. Qd2 Qe7 15. h4 Rfc8 16. Rfe1 Qb4 17. Red1 a5 18. h5 a4 {0-1 (58) Meier,G (2636)-Shirov,A (2644) Berlin 2018} 1-0

[Event "Moscow-ch Men 2019"]
[Site "Moscow"]
[Date "2019.04.03"]
[Round "5.11"]
[White "Yeletsky, Ivan"]
[Black "Salman, Pavel"]
[Result "1-0"]
[WhiteElo "2409"]
[BlackElo "2248"]
[Annotator "TA"]
[PlyCount "37"]
[EventDate "2019.03.30"]
[EventType "swiss"]
[EventCountry "RUS"]
[SourceTitle "playchess.com"]
[Source "ChessBase"]
[SourceQuality "1"]

{[%evp 20,23,7,14,17,0]} 1. e4 d6 2. d4 Nf6 3. f3 c5 4. d5 e6 5. c4 g6 6. Nc3 a6 7. a4 Bg7 8. Nge2 O-O 9. Bg5 h6 10. Be3 exd5 11. cxd5 Nbd7 {A65: Modern Benoni: 6 e4} 12. Ng3 {[%mdl 32768] Loss on time!?} {Predecessor:} h5 $146 13. Be2 Nh7 14. O-O h4 15. Nh1 f5 16. exf5 gxf5 17. Nf2 f4 18. Bd2 Ne5 19. Kh1 {½-½ (49) Kortschnoj,V (2567)-Cheparinov,I (2650) Porto Carras 2011} 1-0

[Event "Moscow-ch Men 2019"]
[Site "Moscow"]
[Date "2019.04.03"]
[Round "5.12"]
[White "Yeritsyan, Aram"]
[Black "Geivondian, Arman"]
[Result "1/2-1/2"]
[WhiteElo "2301"]
[BlackElo "2388"]
[Annotator "TA"]
[PlyCount "17"]
[EventDate "2019.03.30"]
[EventType "swiss"]
[EventCountry "RUS"]
[SourceTitle "playchess.com"]
[Source "ChessBase"]
[SourceQuality "1"]

{[%evp 9,17,23,33,20,22,0,0,0,0,0]} 1. e4 e6 2. d4 d5 3. Nd2 a6 4. Ngf3 Nf6 5. Bd3 c5 6. exd5 {C03: French Tarrasch: Unusual Black 3rd moves} Qxd5 {The position is equal.} (6... exd5 7. Qe2+ Qe7 8. Qxe7+ Bxe7 9. dxc5 Bxc5 10. Nb3 Bb6 11. O-O O-O 12. Nbd4 Nc6 13. Be3 Nb4 14. Be2 Ng4 {½-½ (93) Naiditsch,A (2712)-Kuzubov,Y (2621) Melilla 2011}) 7. O-O cxd4 8. Nb3 Nc6 9. Re1 $146 ({Predecessor:} 9. Nbxd4 Nxd4 10. Nxd4 Bc5 11. Nb3 Be7 12. c4 Qc6 13. Re1 {0-1 (75) Fier,A (2581)-Mekhitarian,K (2499) Eforie Nord 2010}) 1/2-1/2

[Event "Moscow-ch Men 2019"]
[Site "Moscow"]
[Date "2019.04.03"]
[Round "5.13"]
[White "Tsoi, Dmitry"]
[Black "Chudinovskikh, Alexander M"]
[Result "1/2-1/2"]
[WhiteElo "2340"]
[BlackElo "2213"]
[Annotator "TA"]
[PlyCount "32"]
[EventDate "2019.03.30"]
[EventType "swiss"]
[EventCountry "RUS"]
[SourceTitle "playchess.com"]
[Source "ChessBase"]
[SourceQuality "1"]

{[%evp 9,21,-6,5,7,11,6,19,17,20,4,8,8,23,32]} 1. e4 e5 2. Bc4 Nf6 3. d3 Nc6 4. Nc3 Na5 5. Qf3 Nxc4 (5... c6 {is more complex.} 6. Nge2 b5 7. Bb3 Be7 8. Ng3 d5) 6. dxc4 {C28: Vienna Game: 2...Nf6 3 Bc4 Nc6} d6 (6... Bb4 7. Nge2 d6 8. h3 Be6 9. b3 Nd7 10. O-O Bxc3 11. Nxc3 O-O 12. Qg3 f5 13. Bg5 {½-½ (33) Caruana,F (2822)-Aronian,L (2767) chess.com INT 2018}) 7. Nge2 Be6 8. b3 Be7 9. h3 c6 10. O-O h6 11. Rd1 {Predecessor:} Qc7 $146 12. a4 g5 13. Qe3 g4 14. h4 a6 15. Ba3 O-O-O 16. Rd3 h5 {½-½ (16) Bennett,H (2348)-Gibbons,R (2361) ICCF email 2009} 1/2-1/2

[Event "Moscow-ch Men 2019"]
[Site "Moscow"]
[Date "2019.04.03"]
[Round "5.15"]
[White "Makarian, Rudik"]
[Black "Yakimenko, Alexander A."]
[Result "1-0"]
[WhiteElo "2354"]
[BlackElo "2082"]
[Annotator "TA"]
[PlyCount "20"]
[EventDate "2019.03.30"]
[EventType "swiss"]
[EventCountry "RUS"]
[SourceTitle "playchess.com"]
[Source "ChessBase"]
[SourceQuality "1"]

{[%evp 13,20,13,25,13,25,29,29,28,56]} 1. c4 e5 2. d3 Nc6 3. Nf3 f5 4. Nc3 Nf6 5. e3 (5. g3 Bb4 6. Bg2 Bxc3+ 7. bxc3 d6 8. O-O O-O 9. Rb1 Qe8 10. Qb3 b6 11. Nh4 Na5 12. Qa3 Rb8 13. Be3 f4 14. gxf4 Qh5 15. Nf3 Bh3 16. Bxh3 Qxh3 17. Kh1 {½-½ (37) Svidler,P (2753)-Carlsen,M (2881) Stavanger 2014}) 5... Bb4 6. Bd2 {A27: English Opening: Three Knights Variation} O-O 7. Be2 d6 {LiveBook: 3 Games} 8. O-O Bd7 9. a3 Bxc3 10. Bxc3 Ng4 $146 ({Predecessor:} 10... Qe8 11. Qc2 Qg6 12. Kh1 {0-1 (25) Oron,L-Kutchoukov,D (1471) Rijswijk 2015}) 1-0

[Event "Moscow-ch Men 2019"]
[Site "Moscow"]
[Date "2019.04.03"]
[Round "5.16"]
[White "Tarasov, Oleg"]
[Black "Obolentseva, Alexandra"]
[Result "1/2-1/2"]
[WhiteElo "2175"]
[BlackElo "2326"]
[Annotator "TA"]
[PlyCount "34"]
[EventDate "2019.03.30"]
[EventType "swiss"]
[EventCountry "RUS"]
[SourceTitle "playchess.com"]
[Source "ChessBase"]
[SourceQuality "1"]

{[%evp 21,34,0,0,0,0,0,24,16,18,27,32,16,35,27,26]} 1. e4 {[%cal Be2e4,Be4e5][%mdl 32]} c5 2. c3 Nf6 3. e5 Nd5 4. d4 cxd4 5. cxd4 d6 6. Nf3 Nc6 7. Bc4 dxe5 8. Nxe5 e6 9. O-O Be7 10. Nc3 O-O 11. Nxc6 bxc6 {LiveBook: 17 Games} 12. Qf3 {B22: Sicilian: 2 c3} (12. Ne4 Qb6 13. b3 Rd8 14. Bg5 h6 15. Be3 e5 16. Rc1 Be6 17. Nc5 Bxc5 18. dxc5 Qc7 19. Qe2 Rd7 {½-½ (40) Belyakov,B (2459)-Bocharov,D (2533) Taganrog 2019}) 12... Qb6 13. Rd1 Bb7 14. Na4 Qa5 15. b3 $146 ({Predecessor:} 15. Bb3 c5 16. Bd2 Qb5 17. dxc5 Bxc5 18. Nxc5 Qxc5 19. Qg3 Qd4 20. Bxd5 {1-0 (20) Bernard,R (2360)-Schurade,M (2350) Rostock 1978}) 15... Nb6 16. Bd2 Qf5 $1 {[%cal Rf5f3]} 17. Qxf5 exf5 1/2-1/2

[Event "Moscow-ch Men 2019"]
[Site "Moscow"]
[Date "2019.04.04"]
[Round "6.5"]
[White "Vorobiov, Evgeny E."]
[Black "Popov, Ivan"]
[Result "1/2-1/2"]
[WhiteElo "2565"]
[BlackElo "2585"]
[Annotator "TA"]
[PlyCount "31"]
[EventDate "2019.03.30"]
[EventType "swiss"]
[EventCountry "RUS"]
[SourceTitle "playchess.com"]
[Source "ChessBase"]
[SourceQuality "1"]

{[%evp 9,31,12,20,13,16,0,0,0,-1,-20,-29,-37,-39,-41,-30,-46,-24,-33,18,0,0,-27,27,0]} 1. c4 e5 2. Nc3 Bb4 3. Nd5 a5 4. Nf3 (4. a3 Be7 5. d4 d6 6. e4 Nf6 7. Nxe7 Qxe7 8. f3 Nfd7 9. Ne2 O-O 10. d5 Nc5 11. Be3 f5 12. Nc3 fxe4 13. Bxc5 dxc5 14. Nxe4 {½-½ (35) Matlakov,M (2700)-Yu,Y (2764) Caleta 2019}) 4... d6 5. a3 Bc5 6. e3 {A21: English Opening: 1...e5 2 Nc3} Nf6 7. d4 Nxd5 8. cxd5 {The position is equal.} exd4 9. Nxd4 $146 ({Predecessor:} 9. exd4 Bb6 10. Bg5 f6 11. Be3 O-O {½-½ (59) Anton Guijarro,D (2643)-Praggnanandhaa,R (2532) Prague 2019}) 9... O-O 10. g3 Nd7 11. Bg2 Bxd4 12. Qxd4 Nc5 {...Nb3 is the strong threat.} 13. Qc3 $1 Na4 ({Black should play} 13... a4 $15) 14. Qd4 Nc5 15. Qc3 $1 Na4 (15... Bf5 $142) 16. Qd4 {Accuracy: White = 42%, Black = 50%.} 1/2-1/2